000
00214nam a22000977a 4500
999
_c
16192
_d
16192
003
OSt
008
200619b ||||| |||| 00| 0 eng d
100
_a
M.W. TILLYARD
_9
4611
245
_a
STUDIES IN MILTONE
942
_c
BK